000 nam a22 a 4500
999 _c445161
_d445161
003 BLK
005 20220217151110.0
008 220217b bu |||||r|||| 00| | bu d
020 _a9786190012924
040 _aBLK
041 _aBUL
_cBUL
080 _aОбщо езикознание и филология
_b81
_x(062)
_z81(062)
080 _aСравнително литературознание
_b82.091
_x(062)
_z82.091(062)
139 _aСъвременни лингвистични и литературоведски теории
_bС 96
245 _aСъвременни лингвистични и литературоведски теории
_bСборник
_c състав, ред. Пенка Ангелова, Владимира Вълкова, Анастасия Петрова
260 _9209950
_aВ. Търново
_bФабер
_c2020
_n978-619-00- ; 978-954-400- ; 978-954-775- ; 954-9541-
300 _a307 с.
_bс ил., табл., сх.
_c20 см
380 _a80
650 7 _9160438
_aЛингвистика
653 7 _9189931
_aлингвистика
653 7 _9190005
_aлитературознание
653 7 _9198195
_aтеории
700 _91529
_aАнгелова, Пенка Емилова
_eсъстав. и ред.
700 _91529
_aВълкова, Владимира Ангелова
_eсъстав. и ред.
700 _91529
_aПетрова, Анастасия Ничева
_eсъстав. и ред.
942 _cKNG
_n0
_s1
944 _aCR
_c2022-02-17
_kХристина Везирева